000 00560nam a2200181Ia 4500
008 100921s9999 xx 000 0 und d
082 _b19836
_a891.463 थ 77
100 _aशहाणे अशोक.
245 _aजन-अरण्य.
260 _bअमेय प्रकाशन,नागपूर.
_c1977
300 _a226
_b---
365 _b25
520 _aललित-कादंबरी.
630 _aजन-अरण्य.
650 _aललित-कादंबरी.
730 _aजन-अरण्य.
942 _cBOOK
999 _c768949
_d768946